书目信息 |
| 题名: |
思维与语言
|
|
| 作者: | 维戈茨基 , Vygotsky 著 ;李维 译 | |
| 分册: | ||
| 出版信息: | 杭州 浙江教育出版社 1997 |
|
| 页数: | 17,189页 | |
| 开本: | 20cm | |
| 丛书名: | 20世纪心理学通览 | |
| 单 册: | ||
| 中图分类: | B842.5 , B84 | |
| 科图分类: | ||
| 主题词: | 语言-关系-思维 , 思维-关系-语言 , 心理学 | |
| 电子资源: | ||
| ISBN: | 7-5338-2340-0 | |
| 000 | 00990nam2 2200325 45 | |
| 001 | 1254593240 | |
| 005 | 20090929095150.82 | |
| 010 | @a7-5338-2340-0@dCNY9.50 | |
| 100 | @a19980511d1997 em y0chiy0121 ea | |
| 101 | 1 | @achi@beng@crus |
| 102 | @aCN@b330000 | |
| 105 | @ay z 001yy | |
| 200 | 10 | @a思维与语言@Asi wei yu yu yan@f(苏)列维·谢苗诺维奇·维果斯基(Lev Semenovich Vygotsky)著@g李维译 |
| 210 | @a杭州@c浙江教育出版社@d1997 | |
| 215 | @a17,189页@d20cm | |
| 225 | 2 | @a20世纪心理学通览 |
| 300 | @a据马萨诸塞,剑桥,M.I.T.出版公司1961年英文版译出 | |
| 304 | @a著者通译:L.S.维戈茨基 | |
| 410 | 0 | @120010@a20世纪心理学通览 |
| 510 | 1 | @aThought and language@zeng |
| 606 | @a语言-关系-思维 | |
| 606 | @a思维-关系-语言 | |
| 606 | 0 | @a心理学 |
| 690 | @aB842.5@v3 | |
| 690 | @aB84@v4 | |
| 701 | 1 | @a维戈茨基@Awei ge ci ji@bL.S.@4著 |
| 701 | A1 | @aVygotsky@bLev Semenovich@4著 |
| 702 | 0 | @a李维@Ali wei@4译 |
| 801 | 0 | @aCN@bTSSF@c19980526 |
| 905 | @a10447@dB84@eJY400 | |
| 思维与语言/(苏)列维·谢苗诺维奇·维果斯基(Lev Semenovich Vygotsky)著/李维译.-杭州:浙江教育出版社,1997 |
| 17,189页;20cm.-(20世纪心理学通览) |
| 据马萨诸塞,剑桥,M.I.T.出版公司1961年英文版译出 |
| ISBN 7-5338-2340-0:CNY9.50 |
| ● |
| 相关链接 |
|
|
|
|
正题名:思维与语言
索取号:B84/JY400
 
预约/预借
| 序号 | 登录号 | 条形码 | 馆藏地/架位号 | 状态 | 备注 |
| 1 | 7804167 | 278041673 | 学院路分馆/ [索取号:B84/JY400] | 在馆 | |
| 2 | 7804168 | 278041682 | 学院路分馆/ [索取号:B84/JY400] | 在馆 |